भारतातील सर्वसामान्य झाडे-क्षेत्र -मार्गदर्शिका (Record no. 284121)

MARC details
000 -LEADER
fixed length control field 00953nam a2200169Ia 4500
008 - FIXED-LENGTH DATA ELEMENTS--GENERAL INFORMATION
fixed length control field 090711s9999 xx 000 0 und d
082 ## - DEWEY DECIMAL CLASSIFICATION NUMBER
Item number 74371
100 ## - MAIN ENTRY--PERSONAL NAME
Personal name बोले प्रीतमलाल वि. / वाघानी योगिनी
245 ## - TITLE STATEMENT
Title भारतातील सर्वसामान्य झाडे-क्षेत्र -मार्गदर्शिका
260 ## - PUBLICATION, DISTRIBUTION, ETC. (IMPRINT)
Date of publication, distribution, etc 1993
300 ## - PHYSICAL DESCRIPTION
Extent 114
600 ## - SUBJECT ADDED ENTRY--PERSONAL NAME
Personal name बोले प्रीतमलाल वि. / वाघानी योगिनी
630 ## - SUBJECT ADDED ENTRY--UNIFORM TITLE
Uniform title भारतातील सर्वसामान्य झाडे-क्षेत्र -मार्गदर्शिका
700 ## - ADDED ENTRY--PERSONAL NAME
Personal name बोले प्रीतमलाल वि. / वाघानी योगिनी
730 ## - ADDED ENTRY--UNIFORM TITLE
Uniform title भारतातील सर्वसामान्य झाडे-क्षेत्र -मार्गदर्शिका
942 ## - ADDED ENTRY ELEMENTS (KOHA)
Koha item type Book
Holdings
Withdrawn status Lost status Damaged status Not for loan Home library Current library Date acquired Cost, normal purchase price Total Checkouts Full call number Barcode Date last seen Cost, replacement price Price effective from Koha item type
        Dadar Sarvajanik Vachanalaya, Dardar Dadar Sarvajanik Vachanalaya, Dardar 07/11/2009 40.00   74371 DASAVA-74371 07/11/2009 40.00 07/11/2009 Book